College algebra: Study and solutions guide... (4th ed.) (Record no. 79455)
[ view plain ]
| 000 -LEADER | |
|---|---|
| fixed length control field | 00962nam a2200229 a 4500 |
| 008 - FIXED-LENGTH DATA ELEMENTS--GENERAL INFORMATION | |
| fixed length control field | 071204s1997 ||||||||||||||||| || u |
| 020 ## - INTERNATIONAL STANDARD BOOK NUMBER | |
| International Standard Book Number | 066941753X |
| 050 ## - LIBRARY OF CONGRESS CALL NUMBER | |
| Classification number | QA 152.2 Zoo |
| 100 ## - MAIN ENTRY--PERSONAL NAME | |
| Personal name | Hostetler, Robert P |
| 245 10 - TITLE STATEMENT | |
| Title | College algebra: Study and solutions guide... (4th ed.) |
| Statement of responsibility, etc. | Dianna L. Zook; Roland E. Larson; Robert P. Hostetler |
| 250 ## - EDITION STATEMENT | |
| Edition statement | 4th ed. |
| 260 ## - PUBLICATION, DISTRIBUTION, ETC. | |
| Place of publication, distribution, etc. | Boston: |
| Name of publisher, distributor, etc. | Houghton Mifflin |
| Date of publication, distribution, etc. | 1997 |
| 300 ## - PHYSICAL DESCRIPTION | |
| Extent | v, 436p.: ill. |
| 350 ## - | |
| -- | 0.00 |
| 650 ## - SUBJECT ADDED ENTRY--TOPICAL TERM | |
| Topical term or geographic name entry element | ALGEBRA--STUDY AND TEACHING |
| 650 #0 - SUBJECT ADDED ENTRY--TOPICAL TERM | |
| Topical term or geographic name entry element | ALGEBRAS, LINEAR |
| 650 ## - SUBJECT ADDED ENTRY--TOPICAL TERM | |
| Topical term or geographic name entry element | ALGEBRA--HANDBOOKS, MANUALS, ETC |
| 700 ## - ADDED ENTRY--PERSONAL NAME | |
| Personal name | Larson, Roland E |
| 700 ## - ADDED ENTRY--PERSONAL NAME | |
| Personal name | Zook, Dianna L |
| 995 ## - | |
| -- | BINDERY (DAMAGED) |
| -- | 0.00 |
| -- | 738164 |
| -- | CBU-MAIN LIBRARY (Kitwe) |
| -- | 1 |
| -- | 0.00 |
| -- | QA 152.2 ZOO |
| -- | 1 |
| -- | DAMAGED |
| -- | Dec 4, 2007 |
| -- | 738164 |
| -- | Main Library Open Access Collection |
| 995 ## - | |
| -- | SHORT LOAN BOOKS |
| -- | 0.00 |
| -- | 738165 |
| -- | CBU-MAIN LIBRARY (Kitwe) |
| -- | 1 |
| -- | 0.00 |
| -- | QA 152.2 ZOO |
| -- | 2 |
| -- | AVAILABLE |
| -- | Dec 4, 2007 |
| -- | 738165 |
| -- | Short Loan Collection |
| 999 ## - | |
| -- | 79455 |
| -- | 79455 |
| Withdrawn status | Lost status | Source of classification or shelving scheme | Damaged status | Not for loan | Permanent Location | Current Location | Shelving location | Date acquired | Total Checkouts | Full call number | Barcode | Date last seen | Copy number | Price effective from | Koha item type |
|---|---|---|---|---|---|---|---|---|---|---|---|---|---|---|---|
| CBU-MAIN LIBRARY, KITWE. | CBU-MAIN LIBRARY, KITWE. | 06/29/2023 | QA 152.2 Zoo | 738164 | 06/29/2023 | 1 | 06/29/2023 | MONOGRAPH | |||||||
| CBU-MAIN LIBRARY, KITWE. | CBU-MAIN LIBRARY, KITWE. | 06/29/2023 | QA 152.2 Zoo | 738165 | 06/29/2023 | 2 | 06/29/2023 | SHORT LOAN COLLECTION |